|
|
|
|
| LEADER |
00000nab a2200000 ar4500 |
| 001 |
vtls008996533 |
| 003 |
SK-MaSNL |
| 005 |
20260303065745.0 |
| 008 |
070606c2006 xo mr|p|||||||000 b|slo |
| 015 |
|
|
|a SNBRB2007/06
|2 snkbucl
|
| 038 |
|
|
|a SNKBUCL
|
| 040 |
|
|
|a SNKBUCL
|b slo
|c SNKBUCL
|e AACR2
|
| 041 |
0 |
|
|a slo
|
| 044 |
|
|
|a xo
|c SK
|
| 080 |
|
|
|a 323.113(=162.4)(759):061.2
|2 1997
|
| 100 |
1 |
|
|a Bartalská, Ľubica,
|d 1943-2014
|4 aut
|9 106026
|
| 245 |
1 |
0 |
|a Slovenská záhrada na Floride
|c Ľubica Bartalská
|
| 300 |
|
|
|b Fotogr.
|
| 610 |
2 |
7 |
|a Slovenská záhrada
|2 snkbucl
|9 213380
|
| 650 |
0 |
7 |
|a Slováci v zahraničí
|2 snkbucl
|9 14695
|
| 773 |
0 |
|
|t Slovenské zahraničie
|g Roč. XI, č. 1 (2006), s. 16-17
|x 1335-4396
|
| 852 |
|
|
|a SNK
|b KIS3GCP
|
| 958 |
|
|
|a SK
|
| 999 |
|
|
|c 1752550
|d 1754480
|